000 00904nam a2200253Ia 4500
003 OSt
005 20221005112608.0
006 a|||||r|||| 00| 0
007 ta
008 221004b |||||||| |||| 00| 0 pan d
020 _a9789350688601 (hbk)
_c260
024 _a26368
037 _b1023, 16/03/2016, H.K. Prakashan
_cTextual
040 _aCRL
_cCRL
_bpan
041 _2pan
_apan
082 _aO153,2:g, Q4
100 _aਸਿੰਘ, ਹਰਦੀਪ
245 0 _aਪਾਕਿਸਤਾਨੀ ਪੰਜਾਬੀ ਨਾਟਕ ਤੇ ਮੰਚ ਪਰੰਪਰਾ
260 _aਚੰਡੀਗੜ੍ਹ
_bਲੋਕਗੀਤ ਪ੍ਰਕਾFਨ ਭਾਰਤ
_c2014
300 _a166ਪੰ
_ccm.
650 _aਪੰਜਾਬੀ ਸਾਹਿਤ
942 _hO153,2:g, Q4
_cTEXL
_2cc
999 _c1025375
_d1025375